000 00363nam a2200145 i 4500
001 bg
100 1 _aWEHRLI, F. H.
245 0 _aInterpretacja widm w spektroskopii 13 C NMP /
_cF.H. Wehrli, T. Wirthlin.
260 _aWarszawa,
_c1985.
700 1 _aWIRTHLIN, T.
040 _cBPK
041 _apol
942 _cKS
008 s pl f |000 0 pol
999 _c28149
_d28149
856 _uhttp://koha.tu.koszalin.pl/cgi-bin/koha/opac-detail.pl?biblionumber=28149
_yKatalog online BPK